Logo BPK

Biblioteka

Politechniki Koszalińskiej

Rachunkowość : (Rekord nr 34368)

Szczegóły MARC
000 -ETYKIETA REKORDU
podpole kontrolne o stałej długości 01141nam a2200301 i 4500
001 - NUMER KONTROLNY REKORDU
pole kontrolne bg
003 - IDENTYFIKATOR NUMERU KONTROLNEGO REKORDU
podpole kontrolne BPK
005 - DATA OSTATNIEJ MODYFIKACJI REKORDU
podpole kontrolne 20210701095126.0
008 - POLE O STAŁEJ DŁUGOŚCI - DANE KONTROLNE
podpole kontrolne o stałej długości 981112s1998 pl a f f |000 0 pol
015 ## - NUMER BIBLIOGRAFII NARODOWEJ
Numer bibliografii narodowej PB 1998/14690
020 ## - MIĘDZYNARODOWY ZNORMALIZOWANY NUMER KSIĄŻKI - ISBN
ISBN 8387038288
040 ## - ŹRÓDŁO KATALOGOWANIA
Instytucja, która sporządziła opis WA N
Instytucja, która utworzyła rekord BPK
041 0# - KOD JĘZYKA
Kod języka tekstu pol
080 ## - UNIWERSALNA KLASYFIKACJA DZIESIĘTNA - UKD
UKD 657
080 ## - UNIWERSALNA KLASYFIKACJA DZIESIĘTNA - UKD
UKD 658.14/17
080 ## - UNIWERSALNA KLASYFIKACJA DZIESIĘTNA - UKD
UKD (07)
245 00 - TYTUŁ/ODPOWIEDZIALNOŚĆ
Tytuł Rachunkowość :
Ciąg dalszy tytułu zasady prowadzenia w jednostkach gospodarczych : według polskiego prawa bilansowego : praca zbiorowa.
Oznaczenie części/sekcji dzieła Cz. 1 /
Pozostałe elementy strefy tytułu i oznaczenia odpowiedzialności pod red. Teresy Kiziukiewicz ; [aut. rozdz. Waldemar Gos et al.].
250 ## - STREFA WYDANIA
Oznaczenie wydania Wyd. 4 uzup. i popr.
260 ## - STREFA ADRESU WYDAWNICZEGO
Miejsce wydania Wrocław :
Nazwa wydawcy/dystrybutora "Ekspert",
Data publikacji, dystrybucji/powstania dokumentu 1998.
300 ## - STREFA OPISU FIZYCZNEGO
Objętość 378, [2] s. :
Inne cechy fizyczne 2 faks., 1 wykr. ;
Rozmiary 24 cm.
650 #4 - HASŁO PRZEDMIOTOWE W FORMIE NAZWY OGÓLNEJ LUB JEDNOSTKOWEJ
Nazwa ogólna lub geograficzna Rachunkowość
655 #4 - TERMIN INDEKSOWY - OKREŚLENIE RODZAJU/FORMY DOKUMENTU
Określenie rodzaju/formy dokumentu Podręcznik
700 1# - HASŁO DODATKOWE - NAZWA OSOBOWA
Nazwa osobowa Gos, Waldemar
Daty związane z nazwą (1964- )
Określenie związku między hasłem a opisywanym materiałem Autor
Powiązanie Autor
710 2# - HASŁO DODATKOWE - NAZWA CIAŁA ZBIOROWEGO
Nazwa ciała zbiorowego lub jednostki geograficznej Ekspert Wydawnictwo i Doradztwo z Zakresu Rachunkowości i Finansów, Marian Pałka
Kod określenia powiązania pbl.
700 1# - HASŁO DODATKOWE - NAZWA OSOBOWA
Nazwa osobowa Kiziukiewicz, Teresa
Daty związane z nazwą (1947- )
Określenie związku między hasłem a opisywanym materiałem Redakcja
856 ## - LOKALIZACJA I DOSTĘP DO ELEKTRONICZNYCH DOKUMENTÓW ZDALNYCH
Link (URL) http://koha.tu.koszalin.pl/cgi-bin/koha/opac-detail.pl?biblionumber=34368
Tekst linku KAtalog online BPK
942 ## - DODATKOWE ELEMENTY (KOHA)
Schemat klasyfikacji Uniwersalna Klasyfikacja Dziesiętna
Typ dokumentu Książka
Egzemplarze
Wycofany Status egzemplarza Uszkodzony Dostępność Lokalizacja stała Lokalizacja bieżąca Miejsce przechowywania Sygnatura Kod kreskowy Typ dokumentu Numer ubytku
      Dostępny Biblioteka Politechniki Koszalińskiej Biblioteka Politechniki Koszalińskiej Wypożyczalnia BG 47184 01378665 Książka  
      Dostępny Biblioteka Politechniki Koszalińskiej Biblioteka Politechniki Koszalińskiej Wypożyczalnia BG 47185 01378658 Książka  
  Egz. niedostępny   Niedostępny Biblioteka Politechniki Koszalińskiej Biblioteka Politechniki Koszalińskiej   48160 01401318 Książka 13827
      Dostępny Biblioteka Politechniki Koszalińskiej Biblioteka Politechniki Koszalińskiej Wypożyczalnia BG 48161 01401301 Książka  
      Dostępny Biblioteka Politechniki Koszalińskiej Biblioteka Politechniki Koszalińskiej Wypożyczalnia BG 48162 01401295 Książka  
      Dostępny Biblioteka Politechniki Koszalińskiej Biblioteka Politechniki Koszalińskiej Wypożyczalnia BG 48163 01401288 Książka  
      Dostępny Biblioteka Politechniki Koszalińskiej Biblioteka Politechniki Koszalińskiej Wypożyczalnia BG 48164 01401271 Książka  
      Dostępny Biblioteka Politechniki Koszalińskiej Biblioteka Politechniki Koszalińskiej Wypożyczalnia BG 48165 01401264 Książka  
  Egz. niedostępny   Niedostępny Biblioteka Politechniki Koszalińskiej Biblioteka Politechniki Koszalińskiej   48166 01401257 Książka 13828
  Egz. niedostępny   Niedostępny Biblioteka Politechniki Koszalińskiej Biblioteka Politechniki Koszalińskiej   48167 01401240 Książka 13829
  Egz. niedostępny   Niedostępny Biblioteka Politechniki Koszalińskiej Biblioteka Politechniki Koszalińskiej   48168 01401233 Książka 13830
  Egz. niedostępny   Niedostępny Biblioteka Politechniki Koszalińskiej Biblioteka Politechniki Koszalińskiej   48169 01401226 Książka 13831
© 2023 Biblioteka Politechniki Koszalińskiej :: KOHA